<?xml version="1.0" encoding="UTF-8"?>
<collection xmlns:xsi="http://www.w3.org/2001/XMLSchema-instance" xsi:schemaLocation="http://www.loc.gov/MARC21/slim http://www.loc.gov/standards/marcxml/schema/MARC21slim.xsd" xmlns="http://www.loc.gov/MARC21/slim">
 <record>
  <leader>00000ctm a22000003a 4500</leader>
  <controlfield tag="001">UP-1685594773861802150</controlfield>
  <controlfield tag="003">Buklod</controlfield>
  <controlfield tag="005">20101130131619.0</controlfield>
  <controlfield tag="006">j|||||||||||||| | </controlfield>
  <controlfield tag="007">ta</controlfield>
  <controlfield tag="008">200523s2010    xx ab   rbm  |||| u|eng d</controlfield>
  <datafield tag="035" ind1=" " ind2=" ">
   <subfield code="a">(iLib)UPBAG-00008002518</subfield>
  </datafield>
  <datafield tag="040" ind1=" " ind2=" ">
   <subfield code="a">BAG</subfield>
   <subfield code="e">rda</subfield>
  </datafield>
  <datafield tag="041" ind1="0" ind2=" ">
   <subfield code="a">eng</subfield>
  </datafield>
  <datafield tag="090" ind1=" " ind2="0">
   <subfield code="a">Thesis</subfield>
  </datafield>
  <datafield tag="100" ind1="1" ind2=" ">
   <subfield code="a">Aguana, Xandra Estrel C.</subfield>
   <subfield code="e">author.</subfield>
  </datafield>
  <datafield tag="245" ind1="1" ind2="0">
   <subfield code="a">Dialogue on the root causes of early marriage in Kapangan, Benguet</subfield>
   <subfield code="c">Xandra Estrel C. Aguana, Mario Anton Balaram S. Tamayo, Orville B. Tatcho.</subfield>
  </datafield>
  <datafield tag="264" ind1=" " ind2="1">
   <subfield code="c">2010.</subfield>
  </datafield>
  <datafield tag="300" ind1=" " ind2=" ">
   <subfield code="a">[xi], 170 leaves</subfield>
   <subfield code="b">illustrations, color maps</subfield>
   <subfield code="c">29 cm</subfield>
  </datafield>
  <datafield tag="336" ind1=" " ind2=" ">
   <subfield code="a">text</subfield>
   <subfield code="2">rdacontent</subfield>
  </datafield>
  <datafield tag="337" ind1=" " ind2=" ">
   <subfield code="a">unmediated</subfield>
   <subfield code="2">rdamedia</subfield>
  </datafield>
  <datafield tag="338" ind1=" " ind2=" ">
   <subfield code="a">volume</subfield>
   <subfield code="2">rdacarrier</subfield>
  </datafield>
  <datafield tag="500" ind1=" " ind2=" ">
   <subfield code="a">Lacks title page.</subfield>
  </datafield>
  <datafield tag="502" ind1=" " ind2=" ">
   <subfield code="a">Thesis (Bachelor of Arts) -- University of the Philippines Baguio, 2010.</subfield>
  </datafield>
  <datafield tag="504" ind1=" " ind2=" ">
   <subfield code="a">Includes bibliographical references (leaves 113-122)</subfield>
  </datafield>
  <datafield tag="520" ind1=" " ind2=" ">
   <subfield code="a">The participatory communication approach was conceived more than two decades ago. Since then its principles have enjoyed increasing influence over the work of development communicators. Today, these principles drive the work of a significant number of communicators from the NGOs, and, to a lesser extent, the programmes of government agencies. The purpose of this research was to draft participatory communication tools and was implemented through facilitated dialogue to identify the root causes of early marriage in Kapangan, Benguet. Stakeholders of the study were early married couples, the group of ages risk, and the elders of the community. The participatory tools utilized in this research were: (a) the problem tree, a visual problem-analysis tool resembling a tree which had effectively identified the relevant causes of early marriage; (b) the sketch map, a visual expression which had effectively revealed the unique perspective of stakeholders; and (c) brainstorming which had effectively encouraged critical thinking to analyze a host of ideas among the stakeholders. The research shed light specifically on the root causes of early marriage . Results of the study showed that insufficient parental guidance was the leading cause of early marriage in the community. Among others were influence of peers and vices, economic survival strategy for financial problem,and incidences of early pregnancy. In its conclusions this research argues that participatory communication has the potential to support &quot;another development&quot; capable of identifying root causes and addressing specific needs and priorities relevant to people. Dialogue is an approach to participatory communication capable of facilitating people's involvement in the identification process of the root causes. It is a necessary component that ensures genuine ownership by the stakeholders -- Author's abstract.</subfield>
  </datafield>
  <datafield tag="650" ind1=" " ind2="0">
   <subfield code="a">Teenage marriage</subfield>
   <subfield code="z">Philippines</subfield>
   <subfield code="z">Kapangan (Benguet)</subfield>
  </datafield>
  <datafield tag="650" ind1=" " ind2="0">
   <subfield code="a">Young adults</subfield>
   <subfield code="x">Sexual behavior</subfield>
   <subfield code="z">Philippines</subfield>
   <subfield code="z">Kapangan (Benguet)</subfield>
  </datafield>
  <datafield tag="700" ind1="1" ind2=" ">
   <subfield code="a">Tamayo, Mario Anton Balaram S.</subfield>
   <subfield code="e">author.</subfield>
  </datafield>
  <datafield tag="700" ind1="1" ind2=" ">
   <subfield code="a">Tatcho, Orville B.</subfield>
   <subfield code="e">author.</subfield>
  </datafield>
  <datafield tag="905" ind1=" " ind2=" ">
   <subfield code="a">UP</subfield>
  </datafield>
  <datafield tag="852" ind1="0" ind2=" ">
   <subfield code="a">UPBAG</subfield>
   <subfield code="b">UPBAG-MAIN</subfield>
   <subfield code="h">Thesis</subfield>
  </datafield>
  <datafield tag="942" ind1=" " ind2=" ">
   <subfield code="a">Thesis</subfield>
  </datafield>
 </record>
</collection>
